000 00600nam a2200181Ia 4500
008 090123s9999 xx 000 0 und d
082 _b29684
100 _aकणेकर शिरिष मधुकर
245 _aएकला बोलो रे
250 _a0
260 _bमॅजेस्टिक प्रकाशन
_c1999
300 _a198
600 _aकणेकर शिरिष मधुकर
630 _aएकला बोलो रे
700 _aकणेकर शिरिष मधुकर
730 _aएकला बोलो रे
942 _cBOOK
999 _c68581
_d68581